000
00293 a2200133 4500
000
nam a22 7a 4500
100
_a
R.K. Verma
110
_a
R.K. Verma
245
_a
PIO's Guide to RTI
250
_a
latest edition
260
_b
Taxmann
_c
2026
264
_b
Taxmann
_c
2026
942
_c
BK
999
_c
396321
_d
396321